| 000 | 00950nam a2200229 a 4500 | ||
|---|---|---|---|
| 005 | 20221206063558.0 | ||
| 008 | 040203s1994 es r 000 0 spa d | ||
| 020 | _a8427710860 | ||
| 035 | _aUPN01000131685 | ||
| 049 | _aCE | ||
| 050 | 4 |
_aLB1633 E5 _bV4.4 |
|
| 245 | 0 | 0 |
_a20 autores del siglo XX : _binterpretación y comentario de textos literarios / _cJulio Ariza ... [et al.]. |
| 260 |
_aMadrid : _bMinisterio de Educación y Ciencia : _bNarcea, _c1994. |
||
| 300 |
_a4 fascs. en estuche : _bil. |
||
| 440 | 0 |
_aMateriales 12-16 para Educación Secundaria. _pLengua y literatura |
|
| 505 | 8 |
_aContenido: _g1. _tEl comentario de textos -- _g2. _tTeatro -- _g3. _tPoesía -- _g4. _tNarrativa |
|
| 650 | 7 |
_aEspañol _xEstudio y enseñanza (Secundaria) _zEspaña _2 _911863 |
|
| 650 | 4 |
_aLiteratura _xEstudio y enseñanza (Secundaria) _96686 |
|
| 650 | 4 |
_aCRITICA LITERARIA - _xESTUDIO Y ENSEÑANZA _911629 |
|
| 700 | 1 |
_aAriza, Julio, _ecoaut. |
|
| 905 | _aLibro | ||
| 999 |
_c103840 _d103840 |
||